Ünneplőben (?) a színház

Bibliographic Details
Main Author: Csepécz, Szilvia M., 1965-2011 (Author)
Format: Article
Language:Hungarian
PhysicalDescription:Fotogr.
Subjects:

MARC

LEADER 00000nab a2200000 a 4500
001 vtls000799390
003 SK-MaSNL
005 20260318114725.0
008 160405c2002 xo 0 hun
015 |a SNBRB2002/06-20840 
035 |a CLN000151045 
040 |a SNKBUCL  |b slo  |c SNKBUCL  |e AACR2 
041 0 |a hun 
044 |a xo  |c SK 
080 |a 792(437.6=945.11)  |2 1997 
100 1 |a Csepécz, Szilvia M.,  |d 1965-2011  |4 aut  |9 49646 
245 1 0 |a Ünneplőben (?) a színház  |c M. Csepécz Szilvia 
300 |b Fotogr. 
610 2 7 |a Divadlo Thália (Košice, Slovensko)  |2 snkbucl  |9 31809 
610 2 7 |a Jókaiho divadlo v Komárne - Komáromi Jókai Színház  |2 snkbucl  |9 32950 
651 7 |a Košice (Slovensko)  |2 snkbucl  |9 18694 
651 7 |a Komárno (Slovensko : okres)  |2 snkbucl  |9 15954 
655 7 |a články z novín a časopisov  |2 snkbucl  |9 267496 
773 0 |t Vasárnap  |g Roč. 35, č. 22 (2002), s. 6-9 
850 |a Slovenská národná knižnica v Martine 
852 |a SNK  |b KIS3GCP 
958 |a HU 
958 |a SK 
958 |a RBX 
999 |c 3328892  |d 3330822